| 000 | 00383nam a2200133 i 4500 | ||
|---|---|---|---|
| 001 | bg | ||
| 100 | 1 | _aMAŁACHOWSKI, Michał Janusz | |
| 245 | 0 |
_aTransport nośników przez obszar bariery kontaktowej z półprzewodnikiem / _cMichał Janusz Małachowski. |
|
| 260 |
_aWarszawa, _c1974. |
||
| 040 | _cBPK | ||
| 041 | _apol | ||
| 942 | _cKS | ||
| 008 | s pl f |000 0 pol | ||
| 999 |
_c17148 _d17148 |
||
| 856 |
_uhttp://koha.tu.koszalin.pl/cgi-bin/koha/opac-detail.pl?biblionumber=17148 _yKatalog online BPK |
||